| 000 | 00606nam a2200181 a 4500 | ||
|---|---|---|---|
| 005 | 20140310183543.0 | ||
| 008 | 110926s19uu xx 00 eng d | ||
| 020 | _a9780131584631 | ||
| 050 |
_aTS 155 _b.Or772 2008 |
||
| 100 | _aOrtiz, Chris A. | ||
| 245 |
_aLessons from a lean consultant : _bavoiding lean implementation failures on the shop floor. / _cChris A. Ortiz. |
||
| 260 |
_aUpper Saddle River, New Jersey : _bPrentice Hall, _c2008. |
||
| 300 |
_a176 p. : _bill. ; _c21 cm. |
||
| 650 | _aProduction management. | ||
| 650 | _aManufacturing processes. | ||
| 942 |
_cBK _2lcc _kFOR |
||
| 999 |
_c24832 _d24832 |
||